Online Catalogue and eLibrary

Global sex workers : (Record no. 2920)

MARC details
000 -LEADER
fixed length control field 00530nam a2200205Ia 4500
005 - DATE AND TIME OF LATEST TRANSACTION
control field 20240606054332.0
008 - FIXED-LENGTH DATA ELEMENTS--GENERAL INFORMATION
fixed length control field 240331s9999 xx 000 0 und d
020 ## - INTERNATIONAL STANDARD BOOK NUMBER
ISBN 0415918294
082 ## - DDC Classification
Item Number - Author Mark GLO
Class No. 362
100 ## - MAIN ENTRY--PERSONAL NAME
Personal name Kempadoo, K. ed
245 #0 - TITLE STATEMENT
Title Global sex workers :
Remainder of title rights, resistance, and redefinition
260 ## - PUBLICATION, DISTRIBUTION, ETC.
Place of publication, distribution, etc. New York
Name of publisher, distributor, etc. Routledge
Date of publication, distribution, etc. 1998
300 ## - PHYSICAL DESCRIPTION
Extent (e.g. Volumes, Pages etc.) 294 p.,
650 ## - SUBJECT ADDED ENTRY--TOPICAL TERM
Topical term or geographic name entry element Sex Exploitation
650 ## - SUBJECT ADDED ENTRY--TOPICAL TERM
Topical term or geographic name entry element Civil Rights
650 ## - SUBJECT ADDED ENTRY--TOPICAL TERM
Topical term or geographic name entry element Prostitutions
700 ## - ADDED ENTRY--PERSONAL NAME
Personal name Kempadoo, K. ed
700 ## - ADDED ENTRY--PERSONAL NAME
Personal name Doezema,J
942 ## - Koha item type (Biblio)
Koha item type Books in Stacks (Lending)
Holdings
Lost status Damaged status Collection code Home library Current library Shelving location Date acquired Full call number Accession Number Item type
    Lending WERC Library WERC Library Social Science Cupboard 03/31/2024 362.8 GLO 2926 Books in Stacks (Lending)

© WERC Library